000 00701nam a2200193Ia 4500
003 GCL
008 140319s9999 xx 000 0 ara d
040 _aGCL /
_cGCL
082 0 4 _a822
_bب م
100 1 _aشكرى محمد عياد
245 1 0 _aمنزل القلوب المحطمة /
_cشكرى محمد عياد
700 1 _aمحمود سامى احمد (مترجم)
700 1 _aبرنارد شو، جورج \\=aمحمود سامى احمدv
490 _aروائع المسرح العالمى
_v0
650 0 4 _aالادب الانجليزى
650 0 4 _aالمسرحيات الانجليزية
650 0 4 _aالمسرحيات الانجليزية المترجمة
942 _2ddc
_cBK
999 _c42232
_d42232